|
|
|
|
| LEADER |
01029nam a2200265 4500 |
| 001 |
32388 |
| 003 |
BD-DhAAL |
| 008 |
171205t1997 xxua|||| b||| 00| 0 eng d |
| 999 |
|
|
|c 38322
|d 38322
|
| 020 |
|
|
|a 1854904930
|
| 020 |
|
|
|a 9781854904935
|
| 082 |
|
|
|a 711.4
|2 22
|
| 245 |
|
|
|a The architecture of empowerment :
|b people, shelter and livable cities /
|c edited by Ismail Serageldin; foreword by Muhammad Yunus
|
| 260 |
|
|
|a London :
|b Academy Editions ;
|c 1997
|
| 300 |
|
|
|a 128 pages :
|b illustrations ;
|c 25 cm.
|
| 504 |
|
|
|a Includes bibliographical references (pages 127-128).
|
| 526 |
|
|
|a AAL
|
| 541 |
|
|
|a Trim Education
|e 32388
|
| 650 |
|
|
|a City planning
|9 24218
|
| 650 |
|
|
|a Architecture, Domestic
|9 24219
|
| 650 |
|
|
|a Architecture
|9 42735
|
| 700 |
|
|
|a Serageldin, Ismail
|9 24212
|
| 852 |
|
|
|a Ayesha Abed Library
|
| 942 |
|
|
|2 ddc
|c BK
|
| 952 |
|
|
|0 0
|1 0
|2 ddc
|4 0
|6 711_400000000000000_ARC
|7 0
|9 62019
|a BRACUL
|b BRACUL
|c GEN
|d 2017-11-28
|e Trim Education
|g 7015.00
|l 1
|o 711.4 ARC
|p 3010032388
|r 2021-12-23
|s 2021-12-15
|t 1
|v 7015.00
|w 2017-11-28
|y BK
|